banner-ar

تاريخ علاقات العرب مع افريقيا : (Record no. 62287)

MARC details
000 -الفاتح
حقل البيانات ثابتة الطول 01250nam a22002657a 4500
005 - وقت وتاريخ اخر تعامل مع التسجيلة
رقم الضبط 20240530110542.0
008 - عناصر البيانات ثابتة الطول - معلومات عامة
حقل البيانات ثابتة الطول 150801s2012 ua o g b 000 0 ara d
017 ## - رقم الايداع القانونى
رقم الايداع القانونى 2011/4/1478
المصدر ( الهيئة المختصة) الاردن . دائرة المكتبات الوطنية
020 ## - الرقم الدولى المعيارى للكتب
الرقم الدولى المعيارى للكتاب 9789957247584
040 ## - مصدر الفهرسة
وكالة الفهرسة الأصلية EG-CaGPL
082 04 - رقم تصنيف ديوى العشرى
رقم الطبعة 21
رقم التصنيف 960/
رقم المادة ز ت
100 0# - المدخل الرئيسى - إسم شخصى
الإسم الشخصى زمان عبيد وناس .
245 10 - بيان العنوان
العنوان تاريخ علاقات العرب مع افريقيا :
بقية العنوان جنوب الصحراء /
بيان المسئوليه,etc زمان عبيد وناس ، هاشم ناصر حسين الكعبى .
250 ## - بيان الطبعة
بيان الطبعة ط 1.
260 ## - PUBLICATION, DISTRIBUTION, ETC. (IMPRINT)
تاريخ النشر أو التوزيع 2012 .
300 ## - الوصف المادى
التعداد 192 ص :
تفاصيل ماديه اخرى للوعاء ايض؛
أبعاد الوعاء 24 سم .
504 ## - تبصرة ببليوجرافية
تبصرة ببليوجرافية,الخ ببليوجرافيات ص 175 - 192
651 04 - المدخل الاضافى بالموضوع - اسم جغرافى
الاسم الجغرافي العالم العربى
التقسيم الفرعي العام العلاقات الخارجيه .
651 04 - المدخل الاضافى بالموضوع - اسم جغرافى
الاسم الجغرافي العالم العربى
التقسيم الفرعي العام العلاقات الخارجيه
التقسيم الفرعي الجغرافي افريقيا .
651 04 - المدخل الاضافى بالموضوع - اسم جغرافى
الاسم الجغرافي العالم العربى
التقسيم الفرعي العام العلاقات السياسيه
التقسيم الفرعي الجغرافي افريقيا .
651 04 - المدخل الاضافى بالموضوع - اسم جغرافى
الاسم الجغرافي العالم العربى
التقسيم الفرعي العام الاحوال الدينية
التقسيم الفرعي الجغرافي افريقيا .
700 0# - المدخل الاضافى - اسم شخصى
الإسم الشخصى هاشم ناصر حسين الكعبى
الدور مؤلف مشارك
942 ## - عناصر المدخل الإضافي( كوها)
مصدر التصنيف او مخطط الترفيف Dewey Decimal Classification
Koha [default] item type كتاب
260 ## - PUBLICATION, DISTRIBUTION, ETC. (IMPRINT)
-- عمان :
-- دار صفاء للنشر و التوزيع ،
Holdings
حالة التراجع حالة الفقد حالة تلف ليس للاعارة المكان المؤقت الموقع الحالى تاريخ الاكتساب اجمالي اﻻعارات رقم الطلب الباركود تاريخ اخر مشاهدة تاريخ تفعيل السعر نوع وعاء كوها
        مكتبة القاهرة الكبرى مكتبة القاهرة الكبرى 05/17/2016   960/ ز ت 161962 05/17/2016 05/17/2016 كتاب

Powered By

EGPV